Library Banner

Punjab ke sofi danshwer = پنجاب کے صوفی دانشور / (Record no. 136272)

MARC details
000 -LEADER
fixed length control field 00483nam a22001577a 4500
005 - DATE AND TIME OF LATEST TRANSACTION
control field 20241212113435.0
008 - FIXED-LENGTH DATA ELEMENTS--GENERAL INFORMATION
fixed length control field 241212b |||||||| |||| 00| 0 eng d
040 ## - CATALOGING SOURCE
Transcribing agency PK-LaUMT
082 ## - DEWEY DECIMAL CLASSIFICATION NUMBER
Classification number APC 297.4092
Item number QAZ-P
100 ## - MAIN ENTRY--PERSONAL NAME
Personal name Qazi Jawaid = قاضی جاوید
245 ## - TITLE STATEMENT
Title Punjab ke sofi danshwer = پنجاب کے صوفی دانشور /
Statement of responsibility, etc by Qazi Jawaid = قاضی جاوید
260 ## - PUBLICATION, DISTRIBUTION, ETC. (IMPRINT)
Place of publication, distribution, etc Lahore :
Name of publisher, distributor, etc Nigharshat,
Date of publication, distribution, etc 1995
300 ## - PHYSICAL DESCRIPTION
Extent 282 p.
546 ## - LANGUAGE NOTE
Language note Urdu
942 ## - ADDED ENTRY ELEMENTS (KOHA)
Koha item type Books
Holdings
Withdrawn status Lost status Damaged status Home library Current library Date acquired Full call number Barcode Date last seen Price effective from Koha item type
      UMT Main Campus UMT Main Campus 2024-12-12 APC 297.4092 QAZ-P 148152 2024-12-12 2024-12-12 Books